Die Welt der Lager. - Hamburg : Hamburger Ed.. - 2013 [Rezension]
| Titel: | Die Welt der Lager. - Hamburg : Hamburger Ed.. - 2013 [Rezension] |
|---|---|
| Verfasser: | |
| In: |
Neue politische Literatur, Band 59, Heft 2 (2014), Seite 287-288 alle Artikel anzeigen |
| Veröffentlicht: | 2014 |
| Format: | Aufsatz |
| Sprache: | Deutsch |
X
alg: 39515437 001A $01999:12-11-16 001B $01999:01-06-17 $t18:24:13.000 001D $01999:12-11-16 001U $0utf8 001X $00 002@ $0Aox 003@ $0395154375 007A $0395154375 $aHEB 007T $0Herdc0111858m 010@ $ager 011@ $a2014 021A $aDie @Welt der Lager. - Hamburg : Hamburger Ed.. - 2013 [Rezension] 028A $#Orth, K. $7121594629 $8Orth, Karin$Z1963- [Tp3] $9152943366 031A $d59 $e2 $h287-288 $j2014 039B $aIn $8--Abvc--. Neue politische Literatur. - Wiesbaden : Springer VS, 1956-. - ISSN 0028-3320 $x201400000590002713 $9046846980 039T $8--Aau--. Die @Welt der Lager. - 1. Aufl.. - Hamburg : Hamburger Ed., 2013. - [17], 359 S.. - Ill.. - ISBN 978-3-86854-267-7 $9322310369 045T $a3,6 lok: 39515437 78 exp: 39515437 78 1 #EPN 201B/01 $018-11-16 $t13:54:47.000 201U/01 $0utf8 203@/01 $0791455580 208@/01 $a12-11-16 $be 209A/01 $a/ $f000 $x00 220C/01 $aTitelaufnehmer: pg 220C/01 $aHerkunft: HI Marburg 244Z/01 $2Trx $#arvustused $#recenzijos $#Reviews $#recenziók $#recenzje $#recenzie $#recenze $8--Trx--Rezensionen $x01 $9391357441 247C/01 $82080>Marburg/Lahn, Herder-Institut, Forschungsbibliothek, Bibliographieportal $9336309341
| LEADER | 00000caa a22000002c 4500 | ||
|---|---|---|---|
| 001 | 395154375 | ||
| 003 | DE-603 | ||
| 005 | 20170601182413.0 | ||
| 007 | tu | ||
| 008 | 161112s2014 xx |||| | u00||u|ger c | ||
| 035 | |a (DE-599)HEB395154375 | ||
| 040 | |a DE-603 |b ger |c DE-603 |d DE-603 | ||
| 041 | |a ger | ||
| 084 | |a 3,6 |2 ssgn | ||
| 100 | 1 | |a Orth, Karin |d 1963- |0 (DE-603)152943366 |0 (DE-588)121594629 |2 gnd | |
| 245 | 0 | 0 | |a Die Welt der Lager. - Hamburg : Hamburger Ed.. - 2013 [Rezension] |
| 264 | 0 | |c 2014 | |
| 773 | 0 | 8 | |i In |t Neue politische Literatur |d Wiesbaden : Springer VS, 1956- |x 0028-3320 |g Band 59, Heft 2 (2014), Seite 287-288 |w (DE-603)046846980 |w (DE-600)3402-2 |
| 787 | 0 | 8 | |i Rezension von |t Die Welt der Lager |b 1. Aufl. |d Hamburg : Hamburger Ed., 2013 |h [17], 359 S., Ill. |z 9783868542677 |w (DE-603)322310369 |
| 924 | 0 | |9 2080 |a (DE-603)791455580 |b DE-2080 |c HES |d d |g / | |


